000 00206nam a2200097Ia 4500
005 20251222114409.0
008 251222s1900||||xx |||||||||||||| ||spa||
082 _aDVD0040/V47
245 0 _aRango:
942 _cDVD
999 _c1969
_d1969